000 00929cam a2200205 4500
001 ABS66202
008 030107n2002 000 0 eng u
035 _a(Sirsi) u120938
100 _aBurkinshaw, R
245 _aWhat is the moisture meter trying to tell us?
260 _c2002
490 _aStructural Survey
_v20(5) 2002, 162-172(11)
520 _aDetailed investigation into the role and accuracy of electrical moisture meters (EMM) in the context of building surveys. Draws on extensive field experience of their use and reports on laboratory testing of various materials with the most frequently used moisture meter. Gives invaluable advice to surveyors on interpreting meter readings. Figures and refrerences [Taken from journal abstract].
590 _aABS
650 _aMOISTURE
650 _aMEASUREMENT METHODS
650 _aMOISTURE METERS
690 _aBUILT ENVIRONMENT-BUILDING PATHOLOGY
942 _n0
999 _c71890
_d71890